Русско-испанский разговорник

Chi tiết về thư mục
Tác giả chính: Морено Маньюэко Рафаэль
Tóm tắt:Загл. на доп.тит.л.: Guia de conversacion ruso-espanol.
Ngôn ngữ:Tiếng Nga
Tiếng Tây Ban Nha
Được phát hành: Москва, Русский язык, 1990
Những chủ đề:
Định dạng: Sách
KOHA link:https://koha.lib.tpu.ru/cgi-bin/koha/opac-detail.pl?biblionumber=166869

MARC

LEADER 00000nam0a2200000 4500
001 166869
005 20231031162611.0
010 |a 5200011388 
020 |a RU  |b 90-73705 
035 |a (RuTPU)RU\TPU\book\181001 
090 |a 166869 
100 |a 20091008d1990 m y0rusy5003 ca 
101 0 |a rus  |a spa 
102 |a RU 
105 |a y e 000zy 
200 1 |a Русско-испанский разговорник  |f Рафаэль Морено Маньюэко 
210 |a Москва  |c Русский язык  |d 1990 
215 |a 269 с. 
300 |a Загл. на доп.тит.л.: Guia de conversacion ruso-espanol. 
610 1 |a испанский язык 
610 1 |a разговорники 
686 |a Ш147.21  |2 rubbk 
700 1 |a Морено Маньюэко  |b Рафаэль  |4 070 
801 0 |a RU  |b RuMRKP  |c 19950417  |g psbo 
801 1 |a RU  |b 63413507  |c 20091008 
801 2 |a RU  |b 63413507  |c 20100201  |g RCR 
942 |c BK